5HLuxD.jpg

KING HENRY VIII SENIOR AND PRIMARY SCHOOL LIBRARY OPAC

The indisputable existence of Santa Claus : (Record no. 238)

000 -LEADER
fixed length control field 02240cam a2200445Ii 4500
001 - CONTROL NUMBER
control field 1008969062
003 - CONTROL NUMBER IDENTIFIER
control field OCoLC
005 - DATE AND TIME OF LATEST TRANSACTION
control field 20190802101345.0
008 - FIXED-LENGTH DATA ELEMENTS--GENERAL INFORMATION
fixed length control field 171102t20172017nyua b 000 0 eng d
020 ## - INTERNATIONAL STANDARD BOOK NUMBER
International Standard Book Number 9781468316124
Qualifying information (hardcover)
020 ## - INTERNATIONAL STANDARD BOOK NUMBER
International Standard Book Number 1468316125
Qualifying information (hardcover)
035 ## - SYSTEM CONTROL NUMBER
System control number (OCoLC)1008969062
Canceled/invalid control number (OCoLC)994634579
040 ## - CATALOGING SOURCE
Original cataloging agency IG$
Language of cataloging eng
Description conventions rda
Transcribing agency IG$
Modifying agency OCLCQ
-- OCLCO
-- IJ5
-- CLE
-- BTCTA
-- BDX
-- TOH
-- BKL
-- NYP
049 ## - LOCAL HOLDINGS (OCLC)
Holding library NYPP
082 04 - DEWEY DECIMAL CLASSIFICATION NUMBER
Classification number 394.26630151 FRY
Edition number 23
091 ## - MICROFILM SHELF LOCATION (AM) [OBSOLETE]
Microfilm shelf location 394.2663
100 1# - MAIN ENTRY--PERSONAL NAME
Personal name Fry, Hannah,
Relator term author.
245 14 - TITLE STATEMENT
Title The indisputable existence of Santa Claus :
Remainder of title the mathematics of Christmas /
Statement of responsibility, etc. Dr. Hannah Fry & Dr. Thomas Ol©♭ron Evans.
264 #1 - PRODUCTION, PUBLICATION, DISTRIBUTION, MANUFACTURE, AND COPYRIGHT NOTICE
Place of production, publication, distribution, manufacture New York, NY :
Name of producer, publisher, distributor, manufacturer The Overlook Press,
Date of production, publication, distribution, manufacture, or copyright notice 2017.
264 #4 - PRODUCTION, PUBLICATION, DISTRIBUTION, MANUFACTURE, AND COPYRIGHT NOTICE
Date of production, publication, distribution, manufacture, or copyright notice ℗♭2017.
300 ## - PHYSICAL DESCRIPTION
Extent 151 pages :
Other physical details illustrations ;
Dimensions 21 cm.
336 ## - CONTENT TYPE
Content type term text
Content type code txt
Source rdacontent.
337 ## - MEDIA TYPE
Media type term unmediated
Media type code n
Source rdamedia.
338 ## - CARRIER TYPE
Carrier type term volume
Carrier type code nc
Source rdacarrier.
500 ## - GENERAL NOTE
General note First published in Great Britain in 2016 by Doubleday.
504 ## - BIBLIOGRAPHY, ETC. NOTE
Bibliography, etc. note Includes bibliographical references.
505 0# - FORMATTED CONTENTS NOTE
Formatted contents note Introduction : I wish it could be Christmas everyday -- The indisputable existence of Santa Claus -- Decorating the tree -- Buying presents -- Secret Santa -- Wrapping presents -- Cooking turkey -- Dividing dessert -- Christmas crackers -- The Queen -- How to win a monopoly -- Watching Santa's weight.
520 ## - SUMMARY, ETC.
Summary, etc. "In The indisputable existence of Santa Claus, mathematicians Hannah Fry and Thomas Ol©♭ron Evans take readers on a festive journey through the pitfalls of a traditional holiday season. Lighthearted and diverting, and brimming with Christmassy diagrams, sketches and graphs, equations, Markov chains, and matrices, The indisputable existence of Santa Claus brightens up the bleak midwinter with stockingsful of mathematical marvels. Math has never been merrier."--Back cover.
650 #0 - SUBJECT ADDED ENTRY--TOPICAL TERM
Topical term or geographic name entry element Christmas
Form subdivision Miscellanea.
650 #0 - SUBJECT ADDED ENTRY--TOPICAL TERM
Topical term or geographic name entry element Mathematics
Form subdivision Popular works.
650 #7 - SUBJECT ADDED ENTRY--TOPICAL TERM
Topical term or geographic name entry element MATHEMATICS / Recreations & Games.
Source of heading or term bisacsh.
655 #7 - INDEX TERM--GENRE/FORM
Genre/form data or focus term Trivia and miscellanea.
Source of term lcgft.
700 1# - ADDED ENTRY--PERSONAL NAME
Personal name Evans, Thomas Ol©♭ron,
Relator term author.
901 ## - LOCAL DATA ELEMENT A, LDA (RLIN)
a MARS
901 ## - LOCAL DATA ELEMENT A, LDA (RLIN)
a LIS
b CATBL
908 #4 - PUT COMMAND PARAMETER (RLIN)
Put command parameter GT4985
942 ## - ADDED ENTRY ELEMENTS (KOHA)
Source of classification or shelving scheme
Koha item type Books - Non Ficton
945 ## - LOCAL PROCESSING INFORMATION (OCLC)
a .b213521258
946 ## - LOCAL PROCESSING INFORMATION (OCLC)
a m
Holdings
Withdrawn status Lost status Source of classification or shelving scheme Damaged status Not for loan Collection code Permanent Location Current Location Shelving location Date acquired Full call number Barcode Date last seen Price effective from Koha item type
          Non-Fiction KH8 Senior School Library KH8 Senior School Library Non Fiction 2019-08-02 394.26630151 FRY 3KHSL000101079 2019-08-02 2019-08-02 Books - Non Ficton

Powered By KH8 IT Dept